[Event "Moscow-4teams"]
[Site "Moscow"]
[Date "1981.02.23"]
[Round "1.1"]
[White "Kasparov, Garry"]
[Black "Romanishin, Oleg M"]
[Result "1-0"]
[WhiteElo "2625"]
[BlackElo "2595"]
[Annotator "ChessBase"]
[PlyCount "85"]
[EventDate "1981.02.22"]
[EventType "team"]
[EventRounds "6"]
[EventCountry "URS"]
[SourceTitle "MCL"]
[Source "ChessBase"]
[SourceDate "1999.07.01"]
[SourceVersion "1"]
[SourceVersionDate "1999.07.01"]
[SourceQuality "1"]
[WhiteTeam "Soviet Union U26"]
[BlackTeam "Soviet Union II"]
[WhiteTeamCountry "URS"]
[BlackTeamCountry "URS"]

1. d4 Nf6 2. c4 g6 3. Nc3 d5 4. cxd5 Nxd5 5. e4 Nxc3 6. bxc3 Bg7 7. Nf3 c5 8.
Be3 (8. Rb1 $5) 8... Qa5 9. Qd2 Nc6 (9... O-O 10. Rc1 cxd4 11. cxd4 Qxd2+ 12.
Nxd2 {Vgl. Karpov-Hübner/Tilburg/1980/1-0/58/}) 10. Rc1 (10. Rb1 $5) 10... cxd4
11. cxd4 Qxd2+ 12. Kxd2 O-O 13. d5 (13. Bb5 f5 $1 $17 {Chekhov-Romanishin/USR
48.ch/1.Liga/}) 13... Rd8 14. Ke1 Na5 $1 {/\ e6, f5} (14... Ne5 15. Nxe5 Bxe5
16. f4 Bg7 17. Kf2 $16) (14... Nb4 15. Bd2 Na6 16. Bc4 $16) 15. Bg5 $1 (15. Bb5
f5 $1 16. Rc7 e6 17. Bg5 Rd7) 15... Bf6 (15... Bd7 $1 16. Bd3 Rdc8 17. Ke2 e6
18. Bd2 exd5 $1 19. exd5 Re8+ $17 {Agsamov-Weingold/1981/ Anikaev-Agsamov/1982/
}) 16. Bd2 b6 17. Rc7 $1 Bg4 (17... Rd7 {>=}) 18. Ba6 e6 $1 19. Ng5 $1 Be5 $1 (
19... exd5 20. Nxf7 Rd7 21. Nh6+ Kg7 22. Rc8 $1) 20. Rxf7 $1 exd5 (20... h6 21.
Nf3 Bxf3 22. Rxf3 exd5 23. exd5 Rxd5 24. Bxh6 $16) 21. f4 $1 Bg7 $1 (21... Bd4
22. Rxh7 Nc4 23. e5 Re8 24. h3 $1 Bxe5 25. fxe5 Rxe5+ 26. Kf2 Rf8+ 27. Kg3 Nxd2
28. hxg4 $1 Rxg5 29. Rh8+ Kf7 30. R1h7+ Ke8 31. Bb5+ Kd8 32. Rxf8#) 22. f5 $1 (
22. h3 $1 {>=} h6 $1 23. hxg4 hxg5 24. Rc7 gxf4 (24... dxe4 $2 25. Bxa5 bxa5
26. Bc4+) (24... Re8 25. Kf2 $1 Rxe4 26. Bd3 Ra4 (26... Rd4 $2 27. Rxg7+ Kxg7
28. Bc3 Nc6 29. Bb5) 27. Bxg6 Rxa2 28. Bf7+ Kf8 29. Ke1 $1 Nc6 (29... Ra1+ 30.
Ke2 {/\ 31.Bb4#}) 30. Rh7 $36) 25. exd5 Be5 (25... Rxd5 $2 26. Bxa5) 26. Re7
Re8 27. Rxe8+ Rxe8 28. Kf2 Rd8 29. Bxa5 bxa5 30. Re1 $14) 22... dxe4 $2 (22...
gxf5 $1 23. h3 $1 Bh5 24. Rxg7+ Kxg7 25. Ne6+ Kf6 26. exf5 $1 (26. Nxd8 Rxd8
27. exf5 Nc4 $1 28. g4 Re8+ $1 29. Kd1 Bf7) 26... Re8 27. g4 Rxe6+ $1 (27...
Bf7 28. Bc3+ Ke7 29. Nc7 $16) 28. fxe6 Bg6 $10) 23. Bxa5 bxa5 (23... e3 24.
Rxg7+ $1 Kxg7 25. Bc3+ Kh6 26. Nf7+ Kh5 27. Nxd8 Rxd8 28. Be2) 24. Bc4 Bc3+ $1
(24... Rac8 25. Rc7+) (24... Rd4 25. Rxa7+ Rxc4 26. Rxa8+ Bf8 27. Ne6) 25. Kf2
e3+ $1 26. Kg3 (26. Kxe3 $2 Bd2+) 26... Be5+ 27. Kxg4 (27. Kh4 $2 Rd4 28. Rxa7+
Rxc4 29. Rxa8+ Kg7 30. Ra7+ Kg8 $1 $10) 27... Rd4+ 28. Kh3 Rxc4 29. f6 Bxf6 (
29... Rc7 30. Rxc7 Bxc7 31. f7+ Kh8 32. Ne6 Bd6 33. Re1 $18) 30. Rxf6 Re8 31.
Re1 e2 32. Kg3 (32. Re6 {>=}) 32... Ra4 33. Kf2 Rxa2 34. Ne6 a4 35. Rb1 $2 (35.
Nd4 $18 a3 (35... Kg7 36. Rf3) 36. Rxe2 Raxe2+ 37. Nxe2 a2 38. Ra6) 35... a3
36. Rb7 e1=Q+ (36... Rb2 37. Rg7+ Kh8 38. Re7 Rbb8 39. Rxa7 Ra8 40. Rxa8 Rxa8
41. Nd4 a2 42. Nb3 Rb8 43. Ra6 $10) 37. Kxe1 Rxg2 38. Rg7+ Kh8 39. Rgf7 h5 $2 (
39... h6) 40. Kf1 Rxh2 $2 (40... a2 $1 41. Rxa7 Rxh2 (41... Rb2 $2 42. Ng5 $1
Re7 (42... Rb1+ 43. Kf2 a1=Q 44. Rh7+ Kg8 45. Rxg6+ Kf8 46. Rf7#) 43. Rf8+ Kg7
44. Ne6+ Kh6 45. Rh8+ $18) 42. Rxg6 a1=Q+ 43. Rxa1 Rh1+ 44. Rg1 $10) 41. Rxg6
$1 Rxe6 (41... a2 42. Rh6+) 42. Rxe6 Kg8 43. Rxa7 1-0

[Event "Moscow"]
[Site "Moscow"]
[Date "1981.04.??"]
[Round "1"]
[White "Beliavsky, Alexander G"]
[Black "Kasparov, Garry"]
[Result "0-1"]
[WhiteElo "2620"]
[BlackElo "2625"]
[Annotator "Belov,I"]
[PlyCount "80"]
[EventDate "1981.04.08"]
[EventType "tourn"]
[EventRounds "13"]
[EventCountry "URS"]
[EventCategory "15"]
[SourceTitle "MCL"]
[Source "ChessBase"]
[SourceDate "1999.07.01"]
[SourceVersion "1"]
[SourceVersionDate "1999.07.01"]
[SourceQuality "1"]

1. d4 Nf6 2. c4 g6 3. Nc3 Bg7 4. e4 d6 5. f3 O-O 6. Be3 Nc6 7. Qd2 a6 8. Nge2
Re8 (8... Rb8 $142) 9. Nc1 (9. h4 $142 h5 10. O-O-O b5 11. Nd5 bxc4 12. Nxf6+
Bxf6 13. g4 hxg4 14. h5 g5 15. Bxg5 $16 {Lautier,J-Piket,Je/Cannes/1990/1:0 
(49) Inf 49/715/}) 9... e5 10. d5 Nd4 11. N1e2 (11. Nb3 $5 c5 (11... Nxb3 12.
axb3 $14) 12. dxc6 Nxc6 $13) 11... c5 12. dxc6 Nxc6 $1 13. Nd5 $1 (13. Rd1 Be6
14. Nc1 Rc8 $10) 13... b5 $1 (13... Nxd5 14. cxd5 Ne7 15. Nc3 $16) 14. Bb6 (14.
Nec3 Nd4 15. Bd3 (15. Nxf6+ Bxf6 16. cxb5 axb5 17. Bxb5 Bh4+ $1 $44) 15... Be6
$10) 14... Qd7 15. Nc7 Rb8 16. Nxe8 Qxe8 17. Be3 $6 (17. cxb5 Rxb6 18. bxc6 d5
$1 $44) (17. Bc7 Rb7 18. Bxd6 bxc4 19. Ba3 Be6 20. Nc3 Rd7 21. Qf2 Bh6 22. Rd1
Nd4 $44) (17. c5 Rb7 $1 18. Qxd6 Bf8 19. Qd2 Be6 20. Nc3 Rd7 21. Qf2 b4 $44 {
Kasparov/}) 17... bxc4 18. Nc3 Be6 19. Be2 (19. Nd5 $5 Bxd5 20. exd5 Nd4 21.
Bxc4 Nf5 22. O-O e4 $13) 19... Nd4 20. O-O d5 21. exd5 Nxd5 22. Nxd5 Bxd5 $15
23. Rf2 (23. f4 $2 Nxe2+ 24. Qxe2 exf4 25. Rxf4 Rxb2 $17) 23... h5 24. Rc1 Qe6
25. Bf1 h4 $6 (25... Nf5 $142) 26. Re1 Qc6 27. Bh6 $6 (27. f4 $142 $1 Nf5 28.
fxe5 Nxe3 29. Rxe3 Bh6 30. e6 $1 Qc5 31. exf7+ Bxf7 32. Re8+ Rxe8 33. Qxh6 Re4
34. Qd2 $10) 27... Bh8 28. f4 $6 (28. h3 $142 $17) 28... e4 29. Rd1 Be6 30. f5
(30. Bg5 Nf5 {/\ e3}) 30... Nxf5 31. Qf4 Re8 32. Rfd2 Qc5+ 33. Kh1 Be5 34. Qg5
Kh7 $19 35. Rd8 Rxd8 36. Rxd8 Qf2 $22 37. Rd1 Nxh6 38. Qxe5 e3 39. Qc3 h3 40.
Qe1 Ng4 0-1

[Event "URS-ch49 Final"]
[Site "Frunze"]
[Date "1981.12.??"]
[Round "5"]
[White "Kasparov, Garry"]
[Black "Beliavsky, Alexander G"]
[Result "1-0"]
[WhiteElo "2630"]
[BlackElo "2620"]
[Annotator "ChessBase"]
[PlyCount "131"]
[EventDate "1981.11.28"]
[EventType "tourn"]
[EventRounds "17"]
[EventCountry "URS"]
[EventCategory "12"]
[SourceTitle "URS-ch"]
[Source "ChessBase"]
[SourceDate "1999.07.01"]
[SourceVersion "1"]
[SourceVersionDate "1999.07.01"]
[SourceQuality "1"]

1. d4 d5 2. c4 c6 3. Nf3 Nf6 4. Nc3 dxc4 5. a4 Bf5 6. e3 e6 7. Bxc4 Bb4 8. O-O
Nbd7 9. Qb3 a5 10. Na2 Be7 11. Nh4 Bg6 12. g3 Qc8 13. Nc3 O-O 14. Nxg6 hxg6 15.
Rd1 e5 16. Bf1 Bb4 17. Bg2 Re8 18. Na2 Bf8 19. Bd2 g5 20. Rac1 g4 21. Nc3 Qb8
22. Qc2 Qa7 23. d5 cxd5 24. Nxd5 Nxd5 25. Bxd5 Nf6 26. Ba2 b6 27. Qf5 Qb7 28.
Bc3 Qf3 29. Qxf3 gxf3 30. g4 Nxg4 31. Rd7 Nh6 32. Bd5 Rac8 33. Bxf3 Bb4 34. Bd5
Red8 35. Rxd8+ Rxd8 36. e4 Rc8 37. f3 Bd6 38. Kf2 Kf8 39. Ke2 f6 40. h4 Nf7 41.
Kd3 Ke8 42. Rg1 Kf8 43. Rb1 {/\ 44.b4 +-} Nh8 {Abgabezug} (43... Bb4 44. Bxb4+
axb4 45. Rg1 $1 (45. Kd2 Nd6 46. Rc1 Rc5 $1 47. Rxc5 bxc5 48. Kd3 Ke7 49. a5
Kd7 50. a6 c4+ $1 51. Kc2 $1 (51. Bxc4 Kc6) 51... Nc8 52. Bxc4 Kc6 53. Kb3 Kc5
$16) 45... Nd6 (45... g5 $5 46. Bxf7 Kxf7 47. hxg5 b3 48. gxf6 Kxf6 (48... Rc2
49. f4 $1 Kxf6 50. f5 Rxb2 51. Rg6+ Kf7 52. Rxb6 Ra2 53. Rb4 b2 54. Kc2) 49.
Rg2 $1 Rc1 50. Rg8 Rc2 51. Rb8 Rxb2 52. Rxb6+ Kg5 53. Kc4 Rc2+ 54. Kxb3 Rf2 55.
a5 Rxf3+ 56. Ka4 Re3 57. Rb4 $18) 46. Rg2 $1 Rc5 47. h5 $1 Nf7 (47... Ra5 48.
Rc2 $1 Rxa4 49. Rc6 Ne8 50. Rxb6 $18) 48. Rc2 Rxc2 49. Kxc2 Ng5 50. Kb3 Nxf3
51. Kxb4 $18) (43... Rc7 44. b4 Rxc3+ 45. Kxc3 Bxb4+ 46. Kd3 Nd6 $18 {<->-g
h4-h5-h6 +-}) (43... g5 44. Bxf7 $1 (44. Rh1 gxh4 (44... Rc7 45. Bxf7 Rxf7 46.
Kc4 Rh7 47. h5) 45. Rxh4 Kg7 $1 46. f4 (46. Rg4+ Ng5 $1 47. f4 Rxc3+ 48. bxc3
exf4 $10) 46... exf4 (46... Rxc3+ 47. bxc3 exf4 48. Bxf7 $1 Kxf7 49. Rh5 $1 Ke6
50. Rf5 {/\ Kc4-b5 +-}) 47. Rg4+ Kf8 48. Bxf6 Rc7 $1 $14 49. Bxf7 Kxf7 (49...
Rxf7 $2 50. e5) 50. Bd4) (44. b4 $5 axb4 45. Bxb4 gxh4 46. Bxd6+ Nxd6 47. Rxb6
Ke7) (44. h5 Bb4 $13) 44... Kxf7 45. hxg5 fxg5 46. Rg1 Kg6 47. Bd2 Be7 48. Be3
Rc6 49. Rc1 $1 Bc5 $1 (49... Rxc1 50. Bxc1 Bc5 51. Kc4 Kh5 52. Bd2 $1 {/\ 53.
Ba5} Bd4 53. b3 Kh4 54. Kd5 $18) 50. Bxc5 bxc5 51. Rc3 $1 (51. Kc4 Rb6 52. Rc2
Rb4+ 53. Kxc5 Rxa4 54. Kb5 Ra2) 51... Rb6 52. b3 {+/-/+-}) 44. h5 {/\ 45.b4}
Nf7 45. b4 axb4 46. Bxb4 Rd8 47. Bxd6+ $6 (47. Kc4 {>=} Ng5 (47... Bxb4 48.
Rxb4 Nd6+ 49. Kb3 Nc8 50. Be6 $18) 48. Kb5 Nxf3 49. Kxb6 Rb8+ 50. Bb7 $18)
47... Rxd6 48. Kc4 Ng5 49. Rb3 $1 (49. Kb5 $2 Nxf3 50. Ka6 Ke7 51. Rxb6 f5 $1
52. Rxd6 Kxd6 53. Kb6 fxe4 54. a5 (54. Bxe4 Nd2) 54... Kxd5 $3 55. a6 e3 56. a7
e2 57. a8=Q+ Kd4) 49... Ke7 (49... Nh3 50. Kb5 Nf4 51. Bc4 $1 {/\ 52.Ka6 +-})
50. Kb5 f5 $1 51. Ka6 f4 52. Kb7 $1 Rh6 53. Rxb6 Rxb6+ 54. Kxb6 Nxf3 55. a5 Nd2
(55... Nd4 56. a6 f3 57. a7 f2 58. Bc4) 56. a6 f3 57. a7 f2 58. a8=Q f1=Q 59.
Kc7 $1 (59. Qa3+ $2 Kf6 60. Qd6+ Kg5 61. Qxe5+ Kh4) 59... Qc1+ (59... Qf8 60.
Qa3+ Ke8 61. Qa4+ Ke7 62. Qd7+ Kf6 63. Qf5+ Ke7 64. Qe6#) 60. Bc6 Nxe4 (60...
Qc3 61. Qe8+ Kf6 62. Qg6+ Ke7 63. Qxg7+ Ke6 64. Kd8 $1 {/\ 65.Qe7#} Qa5+ 65.
Ke8 Kd6 66. Qf6+ Kc5 67. Qxe5+ Kb6 68. Qxa5+ $18 {/\ h6-h7-h8Q}) 61. Qe8+ Kf6
62. Qg6+ Ke7 63. Qxg7+ Ke6 64. Qg4+ Kf7 65. Qg6+ $1 (65. Qxe4 Qg5) 65... Kf8 (
65... Ke7 66. Qxe4 Qg5 67. Qg6 $1 $18) 66. h6 {/\ 67.Qg7#} (66. h6 Ke7 67. h7)
1-0

[Event "Bugojno"]
[Site "Bugojno"]
[Date "1982.05.17"]
[Round "9"]
[White "Kavalek, Lubomir"]
[Black "Kasparov, Garry"]
[Result "0-1"]
[WhiteElo "2590"]
[BlackElo "2640"]
[Annotator "ChessBase"]
[PlyCount "54"]
[EventDate "1982.05.07"]
[EventType "tourn"]
[EventRounds "13"]
[EventCountry "YUG"]
[EventCategory "14"]
[SourceTitle "Kasparov"]
[Source "ChessBase"]
[SourceDate "1999.07.01"]
[SourceVersion "1"]
[SourceVersionDate "2005.01.01"]
[SourceQuality "1"]

1. c4 g6 2. Nc3 Bg7 3. d4 Nf6 4. e4 d6 5. Nf3 O-O 6. h3 e5 7. d5 Na6 (7... Nh5
8. Nh2 $1 Qe8 9. Be2 Nf4 10. Bf3 f5 11. g3 (11. h4 $2 Na6 12. g3 Nc5 $3 13.
gxf4 exf4 14. e5 $1 {Kavalek-Quinteros/1973/}) 11... Nxh3 12. Bg2 fxe4 (12...
f4 13. Nf3 g5 14. Bxh3 Bxh3 15. Rxh3 g4 16. Rh1 gxf3 17. Qxf3 {
Vyzhmanavin-Chiburdanidse/Moskau/1981/1:0/65/}) 13. Be3 Bf5 14. Ng4 {+/=/+/-
Bagirov-Vukic/Banja-Luka/1976/1:0/52/}) 8. Be3 {/\ 8.... Nc5 9.Nd2} Nh5 $1 9.
Nh2 Qe8 10. Be2 Nf4 11. Bf3 f5 12. h4 (12. g3 Nxh3 13. Bg2 f4) 12... Qe7 13. g3
Nb4 (13... Nh3 14. Rf1 f4 15. Bc1) 14. Qb3 $2 (14. gxf4 fxe4 $1 (14... exf4 $2
15. Bxf4 fxe4 16. Bg5 $1) 15. fxe5 (15. Nxe4 exf4 16. Bd2 Nd3+ 17. Ke2 Nc5)
15... Nd3+ 16. Ke2 Rxf3 $1 17. Nxf3 Bg4 18. Nxe4 Nxe5 $19) (14. O-O $8 g5 $1
$15) 14... Nfd3+ 15. Ke2 f4 (15... a5) 16. Bd2 fxg3 $6 (16... Nxf2 $1 17. Kxf2
Nd3+ 18. Kg2 (18. Ke2 Nc5 19. Qc2 fxg3 20. Nf1 Qf6) 18... fxg3 19. Kxg3 Rf4 $1
20. Bxf4 (20. Ng4 h5 $1 21. Ne3 (21. Nf2 Rxf3+ $1 22. Kxf3 Qf6+ 23. Ke2 Nxf2)
21... Bf6 22. Ng2 Bxh4+ 23. Rxh4 Qg5+) 20... exf4+ 21. Kg2 Qxh4 22. Rhf1 Bh3+
23. Kh1 Bxf1 24. Rxf1 Nf2+ 25. Rxf2 Qxf2 26. Qxb7 Rf8 27. Ne2 $1 g5 28. Qxc7 (
28. Qb3 Qh4 $1 {/\ g4}) 28... g4 $1 29. Bxg4 f3 30. Nxf3 (30. Bxf3 Be5 $1)
30... Qxe2 (30... Rxf3 $2 31. Bxf3 Qxf3+ 32. Kg1 Qxe2 33. Qc8+ $10) 31. Qxd6
Qf1+ 32. Ng1 Qxc4 {-/+/-+}) 17. fxg3 Rxf3 $1 18. Nxf3 Bg4 19. Raf1 Rf8 {
/\ 20.... Qf7,/\ 20.... Bf3 21.Rf3 Rf3 22.Kf3 Qf6 23.... Qf2 -+} 20. Nd1 $2 (
20. Be3 $1 Bh6 $1 $8 (20... Qf7 $2 21. a3 $1 Bxf3+ 22. Kd2 Qd7 23. Rhg1) (20...
Qd7 21. a3 Bxf3+ 22. Rxf3 Qg4 23. Rhf1 Rxf3 24. Rxf3 Ne1 25. Kxe1 Qxf3 26. Kd2
$1) 21. Bxh6 (21. a3 $2 Rxf3 22. Rxf3 Bxf3+ 23. Kxf3 Qf6+ 24. Ke2 (24. Kg2 Bxe3
25. Rf1 Ne1+ $1) 24... Bxe3 25. Rf1 Nc1+) 21... Rxf3 22. Rxf3 Bxf3+ 23. Kxf3
Qf6+ 24. Kg2 Qf2+ 25. Kh3 Qf3 26. Rh2 (26. Kh2 Qf2+) 26... g5 $1 27. Bxg5 Qf1+
28. Kg4 (28. Rg2 $2 Nf2+ 29. Kh2 Qh1#) 28... h5+ $1 29. Kxh5 Qf3+ 30. Kh6 (30.
g4 $4 Qf7+ 31. Kh6 Qh7#) 30... Qf8+ 31. Kh5 Qf3+ $10) 20... Qf7 $1 21. Be3
Bxf3+ 22. Kd2 Qd7 23. Rhg1 (23. a3 {>=} Bxh1 24. Rxh1 a5 25. axb4 Nxb4 $19 {
>< Kd2}) 23... Qh3 24. a3 Bxe4 $1 25. Rxf8+ Bxf8 26. axb4 Qh2+ 27. Kc3 Nc1 $1
0-1

[Event "Interzonal-12c"]
[Site "Moscow"]
[Date "1982.09.07"]
[Round "1"]
[White "Kasparov, Garry"]
[Black "Sax, Gyula"]
[Result "1-0"]
[WhiteElo "2675"]
[BlackElo "2550"]
[Annotator "Ftacnik,L"]
[PlyCount "75"]
[EventDate "1982.09.07"]
[EventType "tourn"]
[EventRounds "13"]
[EventCountry "URS"]
[EventCategory "12"]
[SourceTitle "IZT"]
[Source "ChessBase"]
[SourceDate "1999.07.01"]
[SourceVersion "1"]
[SourceVersionDate "1999.07.01"]
[SourceQuality "1"]

1. d4 Nf6 2. c4 g6 3. Nc3 d5 4. cxd5 Nxd5 5. e4 Nxc3 6. bxc3 Bg7 7. Bc4 O-O 8.
Be3 b6 9. h4 Bb7 10. Qf3 Qd7 11. Ne2 h5 12. Bg5 Nc6 13. Nf4 e6 14. Rd1 Na5 15.
Bd3 e5 16. dxe5 Bxe5 17. O-O Qg4 18. Qe3 Rfe8 19. Be2 Bxf4 20. Bxf4 Nc4 21.
Bxc4 Rxe4 22. f3 $1 Qxf4 23. Bxf7+ $1 Kg7 24. Qd3 $1 {>< Pg6} Qe3+ 25. Qxe3
Rxe3 26. Rd7 Kh6 27. Rxc7 Ba6 28. Rd1 Bd3 29. Rd2 Bf5 30. Kf2 Re5 31. Rd5 Rxd5
32. Bxd5 Rd8 33. c4 b5 34. Ke3 a5 35. Kf4 Bb1 (35... bxc4 36. Bxc4 Rd4+ 37. Ke5
Rxh4 $2 38. f4 {/\ Bg8, Rh7#} Bb1 39. Bg8 g5 40. f5 g4 41. Kf6 $18) 36. g4 hxg4
37. fxg4 Rf8+ 38. Kg3 1-0

[Event "Olympiad-25"]
[Site "Luzern"]
[Date "1982.11.09"]
[Round "10"]
[White "Kortschnoj, Viktor Lvovich"]
[Black "Kasparov, Garry"]
[Result "0-1"]
[WhiteElo "2635"]
[BlackElo "2675"]
[Annotator "Tischbierek,R"]
[PlyCount "72"]
[EventDate "1982.10.30"]
[EventType "team-swiss"]
[EventRounds "14"]
[EventCountry "SUI"]
[SourceTitle "100 Jahre Schach"]
[Source "ChessBase"]
[SourceDate "2000.04.19"]
[SourceVersion "1"]
[SourceVersionDate "2000.04.19"]
[SourceQuality "1"]
[WhiteTeam "Switzerland"]
[BlackTeam "Soviet Union"]
[WhiteTeamCountry "SUI"]
[BlackTeamCountry "URS"]

1. d4 Nf6 2. c4 g6 {Kasparov starts off as if he wants to play the King's
Indian Defence.} 3. g3 Bg7 4. Bg2 c5 {Challenging White in the centre.} 5. d5
d6 6. Nc3 O-O 7. Nf3 e6 {But now play transposes into the Modern Benoni, an
opening ideally suited to Kasparov's uncompromising style.} 8. O-O exd5 9. cxd5
a6 {One of the sharpest variations in modern Chess: White has a mobile
majority of Pawns in the centre, but Black can generate tactical chances both
on the Queenside and the Kingside.} 10. a4 Re8 11. Nd2 Nbd7 12. h3 Rb8 13. Nc4
Ne5 {Nachdem sich beide Seiten folgerichtig aufgebaut haben, leitet Schwarz
den Nahkampf ein. Kasparovs Zug geriet nach dieser Partie etwas in Verruf. Auf
e5 steht der Springer zwar aktiv, bildet aber gleichzeitig ein lohnendes
Angriffsobjekt für den weißen f-Bauern.} ({Später sah man statt 13...Se5 häufig
} 13... Nb6 {mit der Idee} 14. Na3 Bd7 15. a5 Nc8 16. Nc4 Bb5 {usw.}) 14. Na3 {
In der Folge dreht sich der Kampf darum, ob es dem Weißen gelingt, mit f2-f4
den Ne5 zu vertreiben, um mit seinem eigenen Roß auf das Idealfeld c4
zurückzukehren.} Nh5 15. e4 ({Nach} 15. g4 $2 {(um anschließend den eingangs
erwähnten Plan zu verwirklichen)} Qh4 $1 {würde sich die weiße Königsfestung
plötzlich als ziemlich löchrig erweisen.}) 15... Rf8 {The Rook returns in
order to lend more punch to the ..f5 thrust. Bereitet den Vorstoß f7-f5 vor.} (
{Verlockend erscheint sofortiges} 15... f5 {, aber nach} 16. exf5 Bxf5 17. g4
Bxg4 18. hxg4 Qh4 19. gxh5 Rf8 20. h6 Bh8 {stoppt Weiß den gegnerischen
Angriff mit} 21. Nc4 $1 {Nach} Ng4 22. Qxg4 Qxg4 23. Nxd6 Be5 24. Nde4 {
erwiesen sich seine drei Leichtfiguren in der Partie Kovacevic-Nemet (Karlovac
1979) der gegnerischen Dame überlegen.}) 16. Kh2 {Weiß will endlich f2-f4
spielen.} (16. g4 Qh4 $1 {wäre in diesem Sinne wieder purer Leichtsinn.}) ({
safer was} 16. Qe2 {discouraging ...b5.}) 16... f5 17. f4 ({Not} 17. exf5 Bxf5
18. g4 $2 Bxg4 $1 19. hxg4 Qh4+ $19) {But now if Black's Knight retreats 18.
exf5 really is strong. However...} 17... b5 $1 {A magnificient conception,
whether or not it is completely sound. Black leaves his Knight to its fate for
seven moves and relies on diversionary tactics. Sieben Züge in Folge läßt
Kasparov nun seinen Ne5 einstehen. Diese Tatsache allein aber gereicht ihm
noch nicht zur Ehre, da er vorläufig nur der Theorie dieser damals recht
beliebten Variante mußte.} 18. axb5 (18. fxe5 $6 Nxg3 $1 19. Kxg3 Bxe5+ {
würde dem Nachziehenden prächtiges Spiel für das geopferte Material einräumen,
da 20.Bf4 an 20...Qg5+ scheitert, und Schwarz auf} 20. Kf2 {mit} Qh4+ 21. Kg1
Qg3 {nachsetzt.}) 18... axb5 19. Naxb5 ({If} 19. fxe5 {then} Bxe5 $1 {
threatening both 20... b4 and 20... Nxg3, would be very strong.}) 19... fxe4
20. Bxe4 $1 {Erst mit diesem starken Zug betritt Kortschnoj theoretisches
Neuland.} (20. Na7 e3 $1 21. Qe2 Nxg3 $1 22. Kxg3 g5 $1 {war als unklar aus
der Partie Alburt-H.Olafsson (Reykjavik 1982) bekannt.}) 20... Bd7 21. Qe2 $1 (
21. Nxd6 $6 {konnte Schwarz mit} Rb6 $3 22. fxe5 Bxe5 23. Nc4 Bxg3+ 24. Kg1 (
24. Kg2 $2 Bxh3+) 24... Bxh3 {mit mächtiger Attacke kontern}) ({während ihm} 
21. Na3 {die Möglichkeit} Qc8 22. Bg2 Bg4 $5 23. Qd2 Bf5 {eingeräumt hätte.})
21... Qb6 22. Na3 Rbe8 {Kasparov is a Pawn down and when he retreats his
attacked Knight on e5, then White can play the strong Nc4 and yet, it's
Korchnoi move! White has an extra piece but some of them are poorly placed, e.
g. the a3-Knight, while Black has many advantages on the King's wing. In fact,
Black has full compensation here.} 23. Bd2 $2 {Übersieht eine taktische
Wendung.} ({Nicht zu empfehlen war auch das Nehmen auf e5:} 23. fxe5 Bxe5 24.
Rxf8+ Rxf8 25. Nc4 Bxg3+ 26. Kg1 Qd8 {mit schwarzem Angriff}) ({aber nach dem
richtigen} 23. Qg2 $1 {müßte der Ne5 früher oder später weichen, worauf Na3-c4
dem Weißen klaren Positionsvorteil verspricht. Kasparov selbst gab die
Stellung nach 23.Qg2! in seinen Analysen im Informator Nr. 34 als klar besser
für Weiß an.}) 23... Qxb2 $1 {Das wollte Kortschnoj vermutlich mit 24.Rfb1 und
Damenfang bestrafen und erkannte erst zu spät die hübsche Ausrede 24...Nf3+!}
24. fxe5 $2 {At last, White accepts the bait -- and his position rapidly
disintegrates. Unverhofft in Schwierigkeiten geraten, greift Kortschnoj
schließlich doch zu.} ({Organisierter Widerstand war jedoch nur noch mit} 24.
Ra2 $1 {zu leisten, um wenigstens die zweite Reihe in den Griff zu bekommen.
Der schwarze Vorteil steht allerdings auch dann nach} Qb4 $1 25. Rb1 Qd4 26.
Qg2 Nc4 {außer Frage.}) {Bei dem folgenden Handgemenge sitzt Schwarz am
längeren Hebel.} 24... Bxe5 25. Nc4 Nxg3 $1 26. Rxf8+ Rxf8 27. Qe1 {An
admission of defeat, but there was no adequate alternative.} Nxe4+ 28. Kg2 Qc2
29. Nxe5 Rf2+ $2 {Kasparov: "This spoils the game and makes the win uncertain.
I had prepared for 30... Kg1 but..." Danach kann Weiß noch einmal hoffen.} ({
Als entscheidend gibt Kasparov dagegen} 29... Nxd2 $1 30. Nxd7 Nf3+ 31. Qe2
Nh4+ $1 32. Kg1 Qxc3 33. Qe6+ Kh8 34. Nxf8 Qg3+ {an.}) 30. Qxf2 Nxf2 {White's
Queen sacrifice still keeps him fighting on.} 31. Ra2 Qf5 $1 32. Nxd7 Nd3 {
Kasparov: "After the game I devoted an enormous amount of time to analysing
this position. In severe time-trouble Korchnoi played poorly..."} (32... Nxh3
$145 $1) 33. Bh6 $2 {Macht deutlich, daß auch der schwarze König keineswegs
ungefährdet steht. Die drei verbleibenden weißen Figuren raffen sich
plötzlich zu prächtigem Zusammenspiel auf!} ({White should play} 33. Ra8+ Kg7
34. Ra7 $1 {as Korchnoi pointed out immediately after the game. This still
ought to hold the draw.}) 33... Qxd7 34. Ra8+ Kf7 35. Rh8 $2 {Aber danach geht
es doch schnell zu Ende.} ({Verständlich allerdings, daß Kortschnoj angesichts
der haarsträubenden Verwicklungen in höllische Zeitnot geraten ist und} 35. Ne4
$1 {verpaßt. Danach scheint der schwarze Monarch in höchsten Nöten, aber} g5 $3
{löst den gordischen Knoten. Kasparovs tiefschürfende Informator-Analyse sieht
Schwarz dann nach} 36. Rf8+ $1 Ke7 37. Rh8 Nf4+ 38. Kf2 Nxh3+ 39. Kg3 Qf5 40.
Bf8+ Kd8 $1 41. Bxd6+ Kd7 42. Rxh7+ Qxh7 43. Nf6+ Kxd6 44. Nxh7 c4 $1 45. Kxh3
c3 46. Nxg5 c2 47. Ne4+ Ke7 $1 48. d6+ Kd8 {letztlich auch als Sieger!}) 35...
Kf6 $1 36. Kf3 Qxh3+ {White lost on time. A magnificent clash; exciting,
knife-edge Chess. White's 33rd move threw away a possible draw but, on the
whole, Kasparov fully deserved to win! The game was a portent of things to
come. In the Candidates' semi-final match between Kasparov and Korchnoi, which
took place the following year in London, Kasparov demolished his older
opponent by four wins to one, with six draws. nach Angaben von Kasparov in
Tischbierek "Sternstunden des Schachs, 30 x Olympia" Sportverlag 1993} 0-1